000 00871cam a22002894a 4500
001 14167161
005 20171226041250.0
008 051031s2007 paua b 001 0 eng
010 _a 2005031070
016 7 _a101260637
_2DNLM
020 _a0781762405 (cloth : alk. paper)
020 _a9780781762403
035 _a(OCoLC)ocm62324456
040 _aDNLM/DLC
_cDLC
_dNLM
_dBAKER
_dC#P
_dDLC
041 _aeng
042 _apcc
060 1 0 _aWY 100.4
_bW374h 2007
080 _a610.73 WEB
082 0 0 _a610.73 WEB
_222
100 1 _a2
101 _aINF
245 1 0 _aHealth assessment in nursing /
_cJanet Weber, Jane H. Kelley.
504 _aIncludes bibliographical references and index.
906 _a7
_bcbc
_corignew
_d1
_eecip
_f20
_gy-gencatlg
942 _2ddc
_cBK
999 _c39381
_d39381